000 00722nam a2200289Ia 4500
005 20260324115224.0
008 008 260324s9999 xx 000 0 eng d
020 _a9781351026543
037 _aEBOOK
040 _aCRL
040 _beng
040 _cCRL
041 _2eng
041 _aeng
084 _qCRL
100 _aJawad Y Siddiqui; Chinmoy Saha; Y M M Antar
_91153833
245 0 _aMultifunctional Ultrawideband Antennas
245 0 _bTrends, Techniques and Applications
260 _bTaylor and Francis
260 _c2019
365 _a
365 _b305
856 _uhttp://www.taylorfrancis.com/books/9781351026543
942 _cEBOOK
999 _c1744559
_d1744559